| 000 | 00494nam a22001457a 4500 | ||
|---|---|---|---|
| 008 | 160830b xxu||||| |||| 00| 0 eng d | ||
| 050 | _aHM136.S633 | ||
| 100 |
_aSimmel, Georg _925552 |
||
| 245 |
_aConflict and the web of group-affiliations _cTranslated by Reinhard Bendix with a foreword by Everett C. Hughes |
||
| 260 |
_aLondon _bThe Free Press of Glencoe _c1955 |
||
| 300 |
_a195p. ; _c21cm. |
||
| 650 |
_aSocial conflict _99948 |
||
| 650 |
_aSocial groups _925526 |
||
| 942 |
_2lcc _cMONOGRAPH |
||
| 999 |
_c125161 _d125161 |
||